| 000 | 00733pam a2200241 a 4500 | ||
|---|---|---|---|
| 001 | 3351827 | ||
| 003 | NUST - PNEC | ||
| 005 | 20170116180951.0 | ||
| 008 | 860812s1987 nyua 001 0 eng | ||
| 010 | _a 86020866 | ||
| 020 | _a007071231X | ||
| 040 | _cLIBRARY | ||
| 082 | 0 | 0 | _a621.38153 WOB |
| 100 | 1 | _aWobschall, Darold. | |
| 245 | 1 | 0 |
_aCircuit design for electronic instrumentation _banalog and digital devices from sensor to display / _cDarold Wobschall. |
| 250 | _a2nd ed. | ||
| 260 |
_aNew York : _bMcGraw-Hill, _cc.1987 |
||
| 300 |
_axii, 377 p. : _bill. ; _c24 cm. |
||
| 500 | _aIncludes index. | ||
| 650 | 0 |
_aElectronic instruments _xEL |
|
| 906 |
_a7 _bcbc _corignew _d1 _eocip _f19 _gy-gencatlg |
||
| 942 |
_2ddc _cBK |
||
| 999 |
_c66437 _d66437 |
||